Designing the user interface : strategies for effective human-computer-interaction (Record no. 5397)
[ view plain ]
| 000 -LEADER | |
|---|---|
| fixed length control field | 00574 a2200157 4500 |
| 020 ## - INTERNATIONAL STANDARD BOOK NUMBER | |
| International Standard Book Number | 8178082624 |
| 040 ## - CATALOGING SOURCE | |
| Original cataloging agency | DLC |
| Language of cataloging | DLC |
| 082 ## - DEWEY DECIMAL CLASSIFICATION NUMBER | |
| Classification number | 004.019 |
| 100 ## - MAIN ENTRY--PERSONAL NAME | |
| Personal name | Shneiderman, Ben. |
| 245 ## - TITLE STATEMENT | |
| Title | Designing the user interface : strategies for effective human-computer-interaction |
| Statement of responsibility, etc. | Ben Shneiderman |
| 260 ## - PUBLICATION, DISTRIBUTION, ETC. | |
| Place of publication, distribution, etc. | New Delhi: |
| Name of publisher, distributor, etc. | Pearson Education, |
| Date of publication, distribution, etc. | c.1998. |
| 300 ## - PHYSICAL DESCRIPTION | |
| Extent | xiv, 639 p. : |
| Other physical details | ill. (some col.) ; |
| Dimensions | 24 cm. |
| 500 ## - GENERAL NOTE | |
| General note | Includes bibliographical references and index |
| 650 ## - SUBJECT ADDED ENTRY--TOPICAL TERM | |
| Topical term or geographic name entry element | 1.Human-computer interaction.2.User interfaces (Computer systems) |
| 942 ## - ADDED ENTRY ELEMENTS (KOHA) | |
| Koha item type | Book |
| Call number prefix | 004.019 SHN |
| Source of classification or shelving scheme | |
| Withdrawn status | Lost status | Damaged status | Not for loan | Collection code | Permanent Location | Current Location | Shelving location | Date acquired | Source of acquisition | Cost, normal purchase price | Total Checkouts | Full call number | Barcode | Date last seen | Date last checked out | Price effective from | Koha item type |
|---|---|---|---|---|---|---|---|---|---|---|---|---|---|---|---|---|---|
| Central Library (CL) | Central Library (CL) | First Floor - Computer Science | 12/19/2003 | Allied Book Company | 581.40 | 3 | 004.019 SHN | SEECS004035 | 08/17/2019 | 01/25/2019 | 01/05/2017 | Book |
